Carregant...

CBI diarykurippukal /

Dades bibliogràfiques
Autor principal: Madhavan, K.
Idioma:Undetermined
Publicat: Kozhikode : Mathrubhoomi , 2000.
LEADER 00473nam a2200145Ia 4500
001 148182
008 170722s9999 xx 000 0 und d
100 |a Madhavan, K. 
245 |a CBI diarykurippukal / 
260 |a Kozhikode :  |b Mathrubhoomi ,  |c 2000. 
300 |a 216p 
500 |a Comp. By K P Bhavani 
942 |c GEN 
999 |c 123182  |d 123182 
952 |0 0  |1 0  |4 0  |6 O_32WN37201_P0  |7 0  |9 174149  |a LIB  |b LIB  |d 2017-08-12  |l 2  |o O32wN3720,1 P0  |p 242489  |r 2019-09-30  |s 2019-09-27  |v 75.00  |w 2017-08-12  |y GEN